Diccionario abreviado de sinónimos / (Registro nro. 10391)

Detalles MARC
000 -LIDER
fixed length control field 00583nam a22002177a 4500
001 - NÚMERO DE CONTROL
Identificador de número de control 00540
003 - IDENTIFICACDOR DE NÚMERO DE CONTROL
control field DO-SdBNP
005 - DATE AND TIME OF LATEST TRANSACTION
control field 20160615142714.0
007 - CAMPOS FIJOS DE DESCRIPCIÓN FÍSICA
fixed length control field 00540
008 - ELEMENTOS DE LONGITUD FIJA
fixed length control field 160615b sp 1973|||| 00| 0 spa d
020 ## - ISBN
International Standard Book Number 8471532077
040 ## - FUENTE DE CATALOGACIÓN
Agencia que crea de manera original el registro BPMSU
Idioma de catalogación spa
Agencia que realiza la transcripción BPMSU
092 ## - LOCALLY ASSIGNED DEWEY DECIMAL CALL NUMBER
Número de clasificación xxxxxxxxx
Número de ítem (Cutter) xxxxxxxxx
245 ## - MENCIÓN DE TITULO
Título Diccionario abreviado de sinónimos /
Mención de responsabilidad prólogo Sámuel Gili Gaya
250 ## - MENCIÓN DE EDICION
Mención de edición 2a ed.
260 ## - PUBLICACIÓN, DISTRIBUCIÓN, ETC. (PIE DE IMPRENTA)
Lugar de publicación, distribución, etc Barcelona :
Nombre del editor, distribuidor, etc. Bibliograf,
Fecha de publicación, distribución, etc 1973.
300 ## - DESCRIPCIÓN FÍSICA
Extensión 240 p. :
Dimensiones 14 cm.
700 1# - ASIENTO SECUNDARIO -- NOMBRE PERSONAL
Nombre personal Gili Gaya, Sámuel,
Mención de responsabilidad tr.
942 ## - ADDED ENTRY ELEMENTS (KOHA)
Source of classification or shelving scheme Dewey Decimal Classification
Koha item type Libros
956 ## - LOCAL ELECTRONIC LOCATION AND ACCESS (OCLC)
Nombre de host BTAVÁREZ
Número de acceso 10
Información de compresión 15062016
Trayectoria 00540
Existencias
Withdrawn status Lost status Source of classification or shelving scheme Damaged status Not for loan Collection code Home library Current library Date acquired Source of acquisition Total Checkouts Barcode Date last seen Price effective from Koha item type
    Dewey Decimal Classification       Biblioteca Pública Metropolitana Salomé Ureña Biblioteca Pública Metropolitana Salomé Ureña 06/15/2016 Donación   BPMSU16060195 06/15/2016 06/15/2016 Libros